Представление документа в формате RUSMARC

Поле Инд. ПП Название Значение
Тип записи a
Библиографический уровень a
001 _ Контрольный номер RU/REP/BASE/00078137
005 _ Дата корректировки 20200422132400.5
200 a Заглавие Как применить гарантии Конвенции о защите прав человека в судах России
f Первые сведения об ответственности Бурков А.Л.
210 a Место издания М.
c Издательство РАП
d Дата издания 2013
463 1 001RU/REP/BASE/00078011
1 2001
a Поиск баланса частных и публичных интересов в решениях международных и национальных судов
v С. 48-54
1 210
d 2013
610 a Ключевые слова ЗАЩИТА ПРАВ И СВОБОД, КОНВЕНЦИИ, ЕВРОПЕЙСКИЙ СУД, ПРАВОПРИМЕНЕНИЕ, МЕЖДУНАРОДНОЕ И НАЦИОНАЛЬНОЕ ПРАВО
686 v Номер издания LBC/SL-A
2 Код системы rubbk
a Систематический индекс 67
700 _1 a Фамилия Бурков
b Имя А.Л.
852 i Авторский знак П47
j Полочный индекс 67
901 w Контрольный № источника RU/REP/BASE/00078011
t Тип документа a